00427nam a22001457a 4500003001200000005001700012008004100029020001800070040001200088082001600100100001900116245011000135260000900245650002700254NUST - PNEC20170116181044.0150923b xxu||||| |||| 00| 0 eng d a9788120335561 cLIBRARY a658.404 KEN a Kendrick, Tom a The project management tool kit : b100 tips and techniques for getting the job done rightcTom Kendrick c2008 aProject managementxME